Quiz Luffy - One Piece - Statistiques

Statistiques générales
  • Ce quiz a été pris 831 fois
    800 depuis la dernière actualisation
  • Le résultat moyen est 8 sur 10
Statistiques - réponses
Question Réponse % Correct
Quelle est le fruit du démon de Luffy ? Gomu Gomu no mi
99%
Que veut devenir Luffy ? Le roi des pirates
99%
Comment s'appelle les deux frères spirituels de Luffy ? Sabo et Ace
98%
Que font le grand-père, le père et les deux frères de Luffy ? Vice-amiral de la marine, chef des révolutionnaire, second des révolutionnaires et second des pirates de Barbe Blanche
95%
Quelle personnage a tué Ace le frère de Luffy ? Sakazuki
89%
D'où vient la cicatrice sur le torse de Luffy ? Son combat à Marineford
85%
Lequel des nakamas de Luffy a brulé les plans de l'arme antique Pluton ? Franky
83%
Quelle technique Luffy utilise-t-il contre le monstre marin ayant mangé le bras de Shanks ? Gomu gomu no Pistol
75%
Avec combien d'ombres a été crée Nightmare Luffy ? 100
69%
Combien de formes différentes possède le Gear Fourth de Luffy ? 3
50%
Aucun quiz correspondant
Distribution des résultats
% des personnes avec chaque résultat
Percentile par nombre de réponses
Votre historique - résultats
Vous n’avez pas pris ce quiz depuis la dernière actualisation